Nový zákon o audítoroch a Slovenskej komore audítorov

Obsah ustanovení nového zákona č. 466/2002 Z.z. o audítoroch a Slovenskej komore audítorov, ktorý vstúpi do platnosti 1. januára 2003. Porovnanie starých a nových predpisov.

Salvato in:
Dettagli Bibliografici
Autore principale: Farkaš, Richard
Natura: Capitolo di libro
Lingua:slovacco
Soggetti:
Tags: Aggiungi Tag
Nessun Tag, puoi essere il primo ad aggiungerne!!

MARC

LEADER 00000naa a2200000 4500
001 r047111
005 20231002123605.5
041 0 |a slo 
044 |a SK 
245 1 0 |a Nový zákon o audítoroch a Slovenskej komore audítorov  |c Richard Farkaš 
520 |a Obsah ustanovení nového zákona č. 466/2002 Z.z. o audítoroch a Slovenskej komore audítorov, ktorý vstúpi do platnosti 1. januára 2003. Porovnanie starých a nových predpisov. 
610 2 0 |a audítori 
610 2 0 |a audítorstvo 
610 2 0 |a účtovníci 
610 2 0 |a účtovníctvo 
610 2 0 |a zákony 
610 2 0 |a Komory 
610 2 0 |a Slovensko 
100 1 |a Farkaš, Richard